Ochrana práv spotrebiteľa v cestovnom ruchu diplomová práca

Uložené v:
Podrobná bibliografia
Hlavný autor: Mačeková, Eva
Korporativný autor: Obchodná fakulta EU. Katedra obchodného práva
Ďalší autori: Sabo, Mikuláš
Médium: Kniha
Jazyk:Slovak
Vydavateľské údaje: Bratislava 2012
Tagy: Pridať tag
Žiadne tagy, Buďte prvý, kto otaguje tento záznam!

MARC

LEADER 00000nbm a2200000 4500
001 0152560
005 20161109102045.3
041 0 |a slo 
044 |a SK 
245 1 0 |a Ochrana práv spotrebiteľa v cestovnom ruchu  |b diplomová práca  |c Eva Mačeková ; školiteľ: Mikuláš Sabo 
264 1 |a Bratislava  |c 2012 
300 |a 69 s. 
100 1 |a Mačeková, Eva 
700 1 |a Sabo, Mikuláš 
710 2 |a Obchodná fakulta EU. Katedra obchodného práva